00561 2200193 4500001002100000005001500021035002000036245010800056100001800164250000600182300003100188700002100219260003500240082001500275084002100290020000600311600003300317990001700350INLIS00000000000154220230310101643 a0010-03230000421 aDongeng Pengantar Tidur :bMalin Kundang Anak Durhaka /cMB. Rahimsyah; Penata Visual, Brian Prabaswara0 aMB. Rahimsyah a- a32 hlm. :bilus. ;c18 cm.0 aBrian Prabaswara aSurabaya :bZavana Raya,c2013 a398.209598 a398.209598 MB. d a- 4aCerita Rakyat dari Indonesia a05058/H/2023